L'argumentation aujourd'hui: positions théoriques en confrontation
Kaydedildi:
| Yazar: | |
|---|---|
| Diğer Yazarlar: | |
| Materyal Türü: | Kitap |
| Dil: | Fransızca |
| Baskı/Yayın Bilgisi: |
París
Sorbonne Nouvelle
2004
|
| Konular: | |
| Etiketler: |
Etiketle
Etiket eklenmemiş, İlk siz ekleyin!
|
MARC
| LEADER | 00000nam a2200000 a 4500 | ||
|---|---|---|---|
| 001 | UCK4919 | ||
| 003 | CL-VaPUC | ||
| 008 | 050701e20040000FR |||||||||||||||||fre|d | ||
| 020 | |a 2878543041 | ||
| 082 | 0 | 4 | |a 808 |b DOU |2 21 |
| 100 | 0 | |a Doury, Marianne |e author |9 493546 | |
| 700 | |a Moirand, Sophie |e autora |9 493547 | ||
| 245 | 1 | 2 | |a L'argumentation aujourd'hui: positions théoriques en confrontation |
| 300 | |a 200 p | ||
| 942 | |c BK | ||
| 945 | |d 20050701 00:00:00 |a cmena | ||
| 260 | |a París |b Sorbonne Nouvelle |c 2004 | ||
| 650 | 7 | |a PERSUASION |2 CL-VaPUC |9 333321 | |
| 650 | 0 | |a Retórica |9 266620 | |
| 650 | 0 | |a Teoría lingüística |9 493548 | |
| 650 | 0 | |a Razonamiento |9 256520 | |
| 650 | 0 | |a Análisis del discurso |9 256696 | |
| 583 | |a last modification |c 20050701 00:00:00 |k Rodrigo Vera | ||
| 999 | |c 313627 |d 313625 | ||
| 952 | |0 0 |1 0 |4 0 |6 808_000000000000000_DOU_2004 |7 0 |8 A |9 385060 |a FDOPOS |b FDOPOS |d 2019-11-22 |i 4142195 |o 808 DOU 2004 |p 4142195 |r 2025-01-22 |w 2019-11-22 |y BK |k MLA | ||